00995nam a2200241Ia 4500003000400000005001700004008004100021020001800062040001800080041000800098082002000106100002800126245009300154250001200247260005600259300002900315650006600344650006800410650006000478942002900538999001900567952016700586OSt20260119105916.0210716s2006 xx 000 0 und d a9788122418828 cAIMIT LIBRARY aeng a006.6 21bWAIH aWainer, Howard.9251698 aGraphic discovery : btrout in the milk and other visual adventures /cBy Howard Wainer. a1st ed. aNew Delhi :bNew Age International Pvt Ltd ,c2006. axvi,192p. ;bPBc26.7 cm aWilliam playfair and the origins of graphicsl display9251699 aUsing graphical displays to understand the modern world9251700 aGraphical displays in the twenty- first century9251701 2ddccBKe1stk006.6 WAIH c197348d197348 00102ddc40708MCAaAIMITbAIMITeKnowledge Worldg295.00iBill no:928; Bill dt:2020-03-16l0o006.6 WAIHpMCA16870r2026-05-23 00:00:00v221.25w2021-07-16yBK